Latin Phrases - Multiple Choice - Statistics

General Stats
  • This quiz has been taken 147 times
  • The average score is 8 of 10
Answer Stats
Question Answer % Correct
Homo homini lupus A man is a wolf to another man
100%
Omnia munda mundis Everything is pure to the pure
100%
Cogito ergo sum I think, therefore I am
100%
O tempora, o mores! What times! What customs!
100%
Mens sana in corpore sano A sound mind in a sound body
89%
Scientia potentia est Knowledge is power
89%
Sic transit gloria mundi Thus passes the glory of the world
89%
Quo vadis? Where are you going?
67%
Memento mori Remember that [you will] die
56%
Volenti non fit injuria To one willing, no harm is done
56%
No matching quizzes found
Score Distribution
Percent of People with Each Score
Percentile by Number Answered
Your Score History
You have not taken this quiz